| 000 | 00574nam a2200193Ia 4500 | ||
|---|---|---|---|
| 005 | 20250507130300.0 | ||
| 008 | 008 250505s9999 xx 000 0 eng d | ||
| 037 | _aSeries Article | ||
| 040 |
_aEASL _beng _cEASL |
||
| 041 |
_aeng _2eng |
||
| 084 | _qEASL | ||
| 100 |
_aSchneewind Sarah _9670943 |
||
| 245 | 0 | _aBeyond Flattery: Legitimating political participation in a Ming living shrine | |
| 260 |
_aUSA _bAnn Arbor Association of Asian Studies USA _c2013 |
||
| 300 | _a345- 366p. | ||
| 650 | _aPolitics | ||
| 942 | _cSRA | ||
| 999 |
_c1318757 _d1318757 |
||